[Event "Rus Women's Ch"]
[Site "Elista"]
[Date "2002.05.14"]
[Round "4"]
[White "Chasovnikova E"]
[Black "Dordzhieva N"]
[Result "1-0"]
[WhiteTitle "IM"]
[WhiteElo "2222"]
[WhiteCountry "RUS"]
[BlackElo "2123"]
[BlackCountry "RUS"]
[Remark "Message"]
[PresId "417"]

1. e4 c6 2. d4 d5 3. e5 Bf5 4. Nc3 e6 5. g4 Bg6 6. Nge2 c5 7. h4 f6 8.
Nf4 Bf7 9. Bb5+ Nc6 10. exf6 Qxf6 11. Qe2 Kd7 12. Nd3 Kc8 13. Bxc6
bxc6 14. Ne5 1-0

[Event "Rus Women's Ch"]
[Site "Elista"]
[Date "2002.05.14"]
[Round "4"]
[White "Kozlovskaya V"]
[Black "Stepovaya T"]
[Result "1/2-1/2"]
[WhiteTitle "GM"]
[WhiteElo "2246"]
[WhiteCountry "RUS"]
[BlackTitle "GM"]
[BlackElo "2428"]
[BlackCountry "RUS"]
[Remark "Message"]
[PresId "408"]

1. d4 d5 2. c4 e6 3. Nf3 c6 4. e3 Bd6 5. Bd3 Nf6 6. O-O Nbd7 7. Nbd2
O-O 8. e4 dxe4 9. Nxe4 Nxe4 10. Bxe4 e5 11. dxe5 Nxe5 12. Nxe5 Bxe5
13. Bxh7+ Kxh7 14. Qh5+ Kg8 15. Qxe5 Re8 16. Qf4 Qd3 17. b3 Bf5 18.
Be3 a5 19. Rfd1 Qe4 20. Qxe4 Rxe4 21. h3 a4 22. Kh2 Ree8 23. Rac1 axb3
24. axb3 Ra2 25. Rc3 Rc2 26. Rc1 Rxc1 27. Rxc1 Rd8 28. b4 b5 29. cxb5
cxb5 30. g4 Be6 31. Kg3 Rd3 32. Rb1 Rb3 33. Rxb3 Bxb3 1/2-1/2

[Event "Rus Women's Ch"]
[Site "Elista"]
[Date "2002.05.14"]
[Round "4"]
[White "Sudakova I"]
[Black "Mirzoeva E"]
[Result "1/2-1/2"]
[WhiteTitle "IM"]
[WhiteElo "2369"]
[WhiteCountry "RUS"]
[BlackTitle "IM"]
[BlackElo "2296"]
[BlackCountry "RUS"]
[Remark "Message"]
[PresId "406"]

1. e4 c5 2. Nf3 a6 3. d4 cxd4 4. Nxd4 Nf6 5. Nc3 e5 6. Nb3 Bb4 7. Bd2
O-O 8. Bd3 Bxc3 9. bxc3 b6 10. c4 Bb7 11. Qe2 a5 12. a4 Na6 13. O-O d6
14. f4 Nd7 15. f5 f6 16. Rf3 Rf7 17. Rh3 Nac5 18. Nxc5 dxc5 19. Qh5
Nf8 20. Bc3 Bc6 21. g4 g6 22. fxg6 Nxg6 23. Rf1 Raa7 24. Rhf3 Nf4 25.
Qh4 Qd6 26. Qh6 Rg7 27. Rxf4 exf4 28. e5 Rxg4+ 29. Kf2 Qf8 30. Qh3 f5
31. Qh5 Qe7 32. Qxf5 Qh4+ 33. Ke2 Rg2+ 34. Kd1 Qg4+ 35. Qxg4+ Rxg4 36.
Bf5 Rh4 37. e6 Bg2 38. Re1 Kf8 39. Bf6 Rxh2 40. Be4 Bxe4 41. Rxe4 f3
42. Rf4 f2 43. Ke2 h5 44. Rf3 f1=Q+ 45. Kxf1 Rxc2 46. Rd3 Re7 47. Rd8+
Re8 48. Bg7+ Ke7 49. Bf6+ Kxe6 50. Rxe8+ Kxf6 51. Rh8 Kg5 52. Rg8+ Kf5
53. Rh8 Rxc4 54. Rxh5+ Ke4 55. Ke2 Rc2+ 56. Kd1 Rb2 57. Kc1 Rb4 58.
Kc2 c4 59. Kc3 Rxa4 60. Rb5 Ra1 61. Rxb6 Kd5 62. Rb5+ Kc6 63. Rh5 Rc1+
64. Kb2 Re1 65. Rxa5 1/2-1/2

[Event "RUS Women's Ch"]
[Site "Elista"]
[Date "2002.05.15"]
[Round "5"]
[White "Slavina I"]
[Black "Styazhkina O"]
[Result "1-0"]
[WhiteTitle "GM"]
[WhiteElo "2370"]
[WhiteCountry "RUS"]
[BlackTitle "GM"]
[BlackElo "2265"]
[BlackCountry "RUS"]
[Remark "Message"]
[PresId "504"]

1. d4 d5 2. c4 Nc6 3. Nf3 Bg4 4. Nc3 Bxf3 5. exf3 e6 6. cxd5 exd5 7.
Bb5 Bb4 8. O-O Nge7 9. Bg5 f6 10. Be3 O-O 11. Qb3 Bxc3 12. Qxc3 Qd6 13.
Rac1 Rac8 14. Rfe1 Nd8 15. Bf4 Qxf4 16. Rxe7 c6 17. Bd3 Rc7 18. Rxc7
Qxc7 19. Re1 Qd6 20. Qc2 h6 21. Bh7+ Kh8 22. Bf5 b6 23. g3 c5 24. dxc5
bxc5 25. Qa4 a6 26. Qg4 g5 27. Qh5 Qc7 28. Qxh6+ Kg8 29. Rd1 d4 30.
Be4 Qg7 31. Bd5+ Nf7 32. Qh3 Rd8 33. Qe6 Kf8 34. Qc6 Ne5 35. Qxc5+ Qe7
36. Qxe7+ Kxe7 37. Be4 Ke6 38. g4 Nc4 39. b3 Na3 40. Bd3 Rd6 41. Kf1
Nb5 42. Re1+ Kd5 43. Bc4+ Kc5 44. Bxb5 axb5 45. Rc1+ Kb4 46. Ke2 d3+
47. Kd2 Ra6 48. a4 bxa4 49. bxa4 Rd6 50. Rc3 Kxa4 51. Rxd3 Re6 52. Rd5
Kb3 53. Kd3 Kb2 54. f4 gxf4 55. Rf5 1-0

[Event "RUS Women's Ch"]
[Site "Elista"]
[Date "2002.05.15"]
[Round "5"]
[White "Grabuzova T"]
[Black "Zimina O"]
[Result "0-1"]
[WhiteTitle "GM"]
[WhiteElo "2388"]
[WhiteCountry "RUS"]
[BlackTitle "IM"]
[BlackElo "2360"]
[BlackCountry "RUS"]
[Remark "Message"]
[PresId "502"]

1. d4 d5 2. c4 c6 3. Nf3 Nf6 4. Nc3 a6 5. c5 Nbd7 6. Bf4 Nh5 7. e3 g6
8. Bd3 Bg7 9. O-O O-O 10. Bg5 Bf6 11. Bxf6 Nhxf6 12. b4 Qc7 13. Nd2 e5
14. Re1 Nh5 15. Bf1 Ndf6 16. Nb3 Re8 17. Qd2 Bd7 18. a4 exd4 19. exd4
Ne4 20. Qb2 Nhf6 21. f3 Ng5 22. b5 axb5 23. axb5 Qf4 24. Rxe8+ Rxe8
25. Qd2 Qe3+ 26. Qxe3 Rxe3 27. Rc1 cxb5 28. h4 Nxf3+ 29. gxf3 b4 30.
Nxd5 Nxd5 31. Bc4 Nf4 32. d5 Rxb3 0-1

[Event "RUS Women's Ch"]
[Site "Elista"]
[Date "2002.05.15"]
[Round "5"]
[White "Pogonina N"]
[Black "Sudakova I"]
[Result "1-0"]
[WhiteElo "2303"]
[WhiteCountry "RUS"]
[BlackTitle "IM"]
[BlackElo "2369"]
[BlackCountry "RUS"]
[Remark "Message"]
[PresId "505"]

1. e4 c5 2. Nf3 d6 3. d4 cxd4 4. Nxd4 Nf6 5. Nc3 g6 6. Be3 Bg7 7. f3
O-O 8. Qd2 Bd7 9. O-O-O Nc6 10. Bc4 Ne5 11. Bb3 Rc8 12. Kb1 Nc4 13.
Bxc4 Rxc4 14. g4 b5 15. h4 h5 16. gxh5 Nxh5 17. Nce2 Qc7 18. Bh6 Rc8
19. Bxg7 Kxg7 20. Rc1 a5 21. Rhg1 e6 22. f4 Qb7 23. b3 Qxe4 24. bxc4
bxc4 25. Nc3 Qxf4 26. Qxf4 Nxf4 27. Rcd1 Rh8 28. Nde2 Nxe2 29. Nxe2 d5
30. Rd4 Bc6 31. Rg5 f6 32. Rg1 e5 33. Rdg4 Rh6 34. R4g3 d4 35. Kc1 Kf7
36. Rh3 Rh8 37. Kd2 c3+ 38. Nxc3 dxc3+ 39. Rxc3 Be4 40. Rh3 Rd8+ 41.
Kc1 Rc8 42. Rh2 Bd5 43. a3 f5 44. h5 gxh5 45. Rg5 Kf6 46. Rgxh5 e4 47.
Kd2 Bf7 48. Rh6+ Ke5 49. Ra6 Rc5 50. Ra7 Bc4 51. Rh4 Be6 52. Rh6 Ba2
53. Rha6 Kd4 54. c3+ Kd5 55. Rxa5 f4 56. Rd7+ Kc6 57. Rc7+ Kxc7 58.
Rxc5+ Kd6 59. Rf5 f3 60. Ke3 Bd5 61. a4 Bc6 62. a5 Kc7 63. Rf6 Ba8 64.
Rb6 Bd5 65. Rb4 Bc6 66. a6 Bd5 67. a7 Bb7 68. Rb2 Kc8 69. Rb1 Kc7 70.
Rb4 Kc8 71. Rc4+ Kd7 72. Ra4 Ba8 73. Rb4 1-0

[Event "RUS Women's Ch"]
[Site "Elista"]
[Date "2002.05.15"]
[Round "5"]
[White "Kosintseva T"]
[Black "Polovnikova E"]
[Result "1/2-1/2"]
[WhiteTitle "GM"]
[WhiteElo "2373"]
[WhiteCountry "RUS"]
[BlackTitle "GM"]
[BlackElo "2366"]
[BlackCountry "RUS"]
[Remark "Message"]
[PresId "501"]

1. e4 e5 2. Nf3 Nc6 3. Nc3 Nf6 4. Bb5 Nd4 5. Ba4 Nxf3+ 6. Qxf3 c6 7.
O-O Be7 8. Qg3 O-O 9. Qxe5 d5 10. Qf4 b5 11. e5 Ng4 12. Bb3 f6 13. h3
fxe5 14. Qe4 Kh8 15. Nxd5 cxd5 16. Qxd5 Qb6 17. hxg4 Bxg4 18. Qe4 Bf5
19. Qe2 Bc5 20. d3 Qg6 21. Be3 Bg4 22. f3 Bxe3+ 23. Qxe3 Bh3 24. Rf2
Rf4 25. Kf1 Bd7 26. Re1 Rh4 27. Qc5 Qg5 28. Re3 Re8 29. Ke2 Rh2 30.
Qxa7 Bf5 31. g4 Qh4 32. Rxh2 Qxh2+ 33. Kd1 Qg1+ 34. Kd2 Qf2+ 35. Kc3
Rc8+ 36. Kb4 Qd2+ 37. c3 Qxb2 38. gxf5 Qxc3+ 39. Kxb5 Qc6+ 40. Kb4
Qd6+ 41. Ka4 Qc6+ 42. Kb4 Qd6+ 43. Ka4 Qc6+ 44. Kb4 Qd6+ 1/2-1/2

[Event "RUS Women's Ch"]
[Site "Elista"]
[Date "2002.05.15"]
[Round "5"]
[White "Semenova I"]
[Black "Kryukova I"]
[Result "1/2-1/2"]
[WhiteTitle "IM"]
[WhiteElo "2284"]
[WhiteCountry "RUS"]
[BlackTitle "GM"]
[BlackElo "2304"]
[BlackCountry "RUS"]
[Remark "Message"]
[PresId "515"]

1. e4 e6 2. d4 d5 3. Nc3 Bb4 4. e5 Ne7 5. a3 Bxc3+ 6. bxc3 c5 7. Nf3
Nbc6 8. h4 Qa5 9. Bd2 Bd7 10. h5 h6 11. Bd3 Qc7 12. O-O c4 13. Be2
O-O-O 14. Nh4 g5 15. hxg6 fxg6 16. Qc1 g5 17. Nf3 Rdf8 18. Nh2 Be8
19. Qd1 Bg6 20. a4 Qa5 21. Bg4 Nf5 22. f4 gxf4 23. Rxf4 Kb8 24. Nf1
Nce7 25. Bh3 h5 26. Qe1 Be8 27. Rf3 Rhg8 28. Ne3 Bg6 29. Qf2 Re8 30.
Nf1 h4 31. Bg4 Bh7 32. Bh5 Bg6 33. Bg4 Bh7 34. Bh5 Bg6 35. Bg4 Bh7
1/2-1/2

[Event "RUS Women's Ch"]
[Site "Elista"]
[Date "2002.05.15"]
[Round "5"]
[White "Kovanova B"]
[Black "Shaydullina S"]
[Result "0-1"]
[WhiteElo "2124"]
[WhiteCountry "RUS"]
[BlackElo "2245"]
[BlackCountry "RUS"]
[Remark "Message"]
[PresId "513"]

1. e4 c5 2. Nf3 Nc6 3. Be2 Nf6 4. d3 d6 5. O-O e6 6. c4 Be7 7. Nc3 Nd4
8. h3 Nxe2+ 9. Qxe2 O-O 10. d4 cxd4 11. Nxd4 a6 12. Be3 Bd7 13. Rfd1
Rc8 14. Rac1 Qa5 15. Nb3 Qc7 16. Qd3 Rfe8 17. Ne2 Bc6 18. f3 Nd7 19.
Nf4 Ba4 20. Qd2 Nc5 21. Nxc5 dxc5 22. b3 Red8 23. Qb2 Bf6 24. Qf2 Be8
25. Nd3 b6 26. Bf4 Qe7 27. Be3 Bd4 28. Bxd4 Rxd4 29. Nb2 Rcd8 30. Rxd4
Rxd4 31. Rd1 Rxd1+ 32. Nxd1 Qd8 33. Nb2 h5 34. Qe3 Qd6 35. Qd3 Qc7 36.
Nd1 Kf8 37. Nc3 Ke7 38. Kf2 Qe5 39. a3 g5 40. Ne2 b5 41. Qd2 f6 42.
Qe3 bxc4 43. bxc4 Ba4 44. f4 gxf4 45. Nxf4 Kd6 46. Nd3 Qd4 47. Qxd4+
cxd4 48. Ke2 Be8 49. Kf3 e5 50. Ke2 Bg6 51. Nf2 Kc5 52. Kd3 f5 53. g4
hxg4 54. hxg4 fxe4+ 55. Nxe4+ Kc6 56. g5 Bf5 57. a4 a5 0-1

[Event "RUS Women's Ch"]
[Site "Elista"]
[Date "2002.05.15"]
[Round "5"]
[White "Strutinskaya G"]
[Black "Chistyakova T"]
[Result "1/2-1/2"]
[WhiteTitle "IM"]
[WhiteElo "2336"]
[WhiteCountry "RUS"]
[BlackElo "2207"]
[BlackCountry "RUS"]
[Remark "Message"]
[PresId "512"]

1. b3 d5 2. Bb2 c5 3. f4 Nc6 4. Nf3 Nf6 5. e3 e6 6. Bb5 Bd7 7. O-O Be7
8. d3 b6 9. Nbd2 a6 10. Bxc6 Bxc6 11. Qe2 b5 12. Ne5 Bb7 13. f5 exf5
14. Rxf5 Qc8 15. Raf1 Qe6 16. c4 dxc4 17. bxc4 O-O 18. a4 bxa4 19. Bc3
Rab8 20. e4 Bc8 21. h3 a3 22. g4 a2 23. Ra1 Qd6 24. Rf2 Nd7 25. Nxd7
Bxd7 26. Rf3 Bg5 27. Nf1 Rb3 28. Bb2 Rfb8 29. Rxa2 Bh4 30. Kg2 f6 31.
Ng3 Bxg3 32. Rxg3 Be6 33. Rf3 Rd8 34. Ra3 Bxc4 35. dxc4 Qd2 36. Qxd2
Rxd2+ 37. Kg3 Rxf3+ 38. Kxf3 Rxb2 39. Rxa6 Rb4 40. Kf4 h6 41. h4 Rxc4
42. Kf5 Kh7 43. g5 hxg5 44. hxg5 Rc1 45. gxf6 Rf1+ 46. Ke5 Rxf6 47.
Rxf6 gxf6+ 48. Kd5 1/2-1/2

[Event "RUS Women's Ch"]
[Site "Elista"]
[Date "2002.05.15"]
[Round "5"]
[White "Fominyh M"]
[Black "Guseva O"]
[Result "1/2-1/2"]
[WhiteElo "2163"]
[WhiteCountry "RUS"]
[BlackElo "2226"]
[BlackCountry "RUS"]
[Remark "Message"]
[PresId "516"]

1. e4 c5 2. Nf3 Nc6 3. Bb5 g6 4. Bxc6 dxc6 5. d3 Bg7 6. h3 e5 7. Nc3
Ne7 8. Be3 b6 9. Qd2 O-O 10. Bh6 f6 11. h4 Rf7 12. Bxg7 Rxg7 13. h5
gxh5 14. Rxh5 Bg4 15. Rh1 Ng6 16. Ne2 a5 17. O-O-O Raa7 18. Nfg1 Rad7
19. Qc3 Be6 20. Nh3 Qe7 21. Ng3 Nh4 22. Nh5 Rxg2 23. N3f4 Rg4 24. Nxe6
Qxe6 25. Rdg1 Kf7 26. f4 Nf3 27. Rxg4 Qxg4 28. Qb3+ Qe6 29. Rf1 Qxb3
30. axb3 Nh2 31. Rf2 Ng4 32. Rg2 Kg6 33. Nxf6 Kxf6 34. Rxg4 exf4 35.
Rxf4+ Kg5 36. Rf8 h5 37. Rg8+ Kf4 38. Rh8 Kg4 39. Rg8+ Kf4 40. Rh8
1/2-1/2

[Event "RUS Women's Ch"]
[Site "Elista"]
[Date "2002.05.15"]
[Round "5"]
[White "Chasovnikova E"]
[Black "Tomilova E"]
[Result "1-0"]
[WhiteTitle "IM"]
[WhiteElo "2222"]
[WhiteCountry "RUS"]
[BlackElo "2311"]
[BlackCountry "RUS"]
[Remark "Message"]
[PresId "514"]

1. e4 c5 2. Nf3 Nc6 3. d4 cxd4 4. Nxd4 g6 5. Be2 Bg7 6. Be3 Nf6 7. Nc3
O-O 8. O-O d5 9. Nxc6 bxc6 10. e5 Nd7 11. f4 e6 12. Na4 Qe7 13. Qd2 f6
14. exf6 Bxf6 15. Bg4 Re8 16. Rae1 Bg7 17. Bd4 Nf6 18. Bf3 Rb8 19. Nc5
Rb5 20. b4 Rb8 21. c3 Qf7 22. Re2 Bf8 23. Rfe1 Bxc5 24. Bxc5 Ba6 25.
Re3 Nd7 26. Bd6 Rbd8 27. Bg4 Nb6 28. Bxe6 Rxe6 29. Rxe6 Nc4 30. Qe2
Nxd6 31. Qxa6 Ne4 32. Qxc6 Qxf4 33. Re8+ Rxe8 34. Qxe8+ Kg7 35. Qd7+
Kh6 36. Qxa7 Ng5 37. Qe3 Qc4 38. a4 Qg4 39. a5 1-0

[Event "RUS Women's Ch"]
[Site "Elista"]
[Date "2002.05.15"]
[Round "5"]
[White "Stepovaya T"]
[Black "Khusnutdinova L"]
[Result "1/2-1/2"]
[WhiteTitle "GM"]
[WhiteElo "2428"]
[WhiteCountry "RUS"]
[BlackTitle "IM"]
[BlackElo "2250"]
[BlackCountry "RUS"]
[Remark "Message"]
[PresId "511"]

1. e4 c6 2. d4 d5 3. e5 Bf5 4. Nc3 e6 5. g4 Bg6 6. Nge2 c5 7. Be3 Nd7
8. dxc5 Nxe5 9. Nf4 Ne7 10. Bb5+ N5c6 11. h4 h6 12. Qe2 Qa5 13. Nxg6
Nxg6 14. a3 O-O-O 15. Bxc6 bxc6 16. b4 Qc7 17. h5 Ne5 18. Bf4 Nd3+ 19.
cxd3 Qxf4 20. Rh3 Qd4 21. Rc1 Be7 22. Nd1 Bf6 23. Ne3 Rhe8 24. Kf1 Re7
25. Nc2 Qf4 26. Rd1 e5 27. Ne3 g6 28. Kg2 Bg5 29. Qb2 e4 30. d4 gxh5
31. gxh5 Bh4 32. Rdh1 Rg8+ 33. Kf1 Bf6 34. Rg1 Rxg1+ 35. Kxg1 Rb7 36.
Rg3 Bg5 37. a4 Qf6 38. b5 Qe6 39. Ng4 Bf4 40. Rg2 cxb5 41. axb5 Qc6
42. Ne3 Rxb5 43. Qa2 Bxe3 44. fxe3 a5 45. Rg8+ Kd7 46. Qe2 Ke7 47. Qf2
Rb1+ 48. Kg2 Qb5 49. Rg7 Rb2 50. Rxf7+ Ke8 51. Rf8+ Ke7 52. Rf7+ Ke8
1/2-1/2

[Event "RUS Women's Ch"]
[Site "Elista"]
[Date "2002.05.15"]
[Round "5"]
[White "Dordzhieva N"]
[Black "Druzhinina O"]
[Result "0-1"]
[WhiteElo "2123"]
[WhiteCountry "RUS"]
[BlackElo "2261"]
[BlackCountry "RUS"]
[Remark "Message"]
[PresId "517"]

1. e4 c5 2. Nf3 d6 3. d4 cxd4 4. Nxd4 Nf6 5. Nc3 a6 6. Be3 e5 7. Nb3
Be6 8. Be2 Nbd7 9. O-O Be7 10. f4 Rc8 11. f5 Bc4 12. Nd2 Bxe2 13. Qxe2
b5 14. a3 O-O 15. Kh1 Nb6 16. g4 Nfd7 17. Rg1 h6 18. Rg3 Bg5 19. Bxg5
hxg5 20. Rh3 f6 21. Rh5 Kf7 22. Qd3 Nc5 23. Qh3 d5 24. Rh7 Rg8 25. Rd1
d4 26. Ne2 Nc4 27. Nxc4 bxc4 28. Qf3 Qb6 29. Rb1 Rh8 30. Rxh8 Rxh8 31.
b4 Na4 32. Ng3 Nc3 33. Re1 Qc6 34. Qg2 Qa4 35. Ra1 Qc6 36. Qf3 Rb8 37.
Qg2 Kg8 38. h3 Qa4 0-1

[Event "RUS Women's Ch"]
[Site "Elista"]
[Date "2002.05.15"]
[Round "5"]
[White "Vasilevich I"]
[Black "Khasanova E"]
[Result "1/2-1/2"]
[WhiteElo "2208"]
[WhiteCountry "RUS"]
[BlackTitle "IM"]
[BlackElo "2256"]
[BlackCountry "RUS"]
[Remark "Message"]
[PresId "508"]

1. e4 c5 2. Nf3 e6 3. d4 cxd4 4. Nxd4 Nf6 5. Nc3 Nc6 6. Ndb5 Bb4 7. a3
Bxc3+ 8. Nxc3 d5 9. exd5 exd5 10. Bd3 O-O 11. O-O d4 12. Ne4 Bf5 13.
Bg5 Bxe4 14. Bxe4 h6 15. Bxf6 Qxf6 16. Qf3 Qxf3 17. Bxf3 Ne5 18. Be4
Rfd8 19. Rfd1 g6 20. b3 Rac8 21. Rd2 Rd7 22. Re1 Rc3 23. h3 d3 24. f4
1/2-1/2

[Event "RUS Women's Ch"]
[Site "Elista"]
[Date "2002.05.15"]
[Round "5"]
[White "Dorofeeva A"]
[Black "Kozlovskaya V"]
[Result "1/2-1/2"]
[WhiteTitle "IM"]
[WhiteElo "2304"]
[WhiteCountry "RUS"]
[BlackTitle "GM"]
[BlackElo "2246"]
[BlackCountry "RUS"]
[Remark "Message"]
[PresId "509"]

1. d4 d6 2. c4 g6 3. Nf3 Bg7 4. g3 Nf6 5. Bg2 O-O 6. O-O Nbd7 7. Nc3
e5 8. e4 exd4 9. Nxd4 Re8 10. Re1 a6 11. h3 Rb8 12. Rb1 Ne5 13. b3 Bd7
14. Be3 Qc8 15. Kh2 h6 16. a4 g5 17. f4 gxf4 18. Bxf4 Ng6 19. Be3 c5
20. Nde2 Bc6 21. Qxd6 Nxe4 22. Nxe4 Bxe4 23. Bxe4 Rxe4 24. Nf4 Bf8 25.
Qd3 Qc6 26. Nd5 Re6 27. Rf1 Bg7 28. Rf2 Rf8 29. Rbf1 b6 30. Bd2 Qd6
31. Bc3 h5 32. Bxg7 Kxg7 33. Qc3+ f6 34. Ne3 Qe5 35. Nf5+ Kf7 36. Qd2
h4 37. Rg1 Rh8 38. Nh6+ Kg7 39. Ng4 Qd4 40. Rd1 hxg3+ 41. Kxg3 Rd6 42.
Qxd4 cxd4 43. Rfd2 d3 44. Ne3 Kf7 45. Nd5 Ne5 46. Nf4 Rhd8 47. Kf2 Rd4
48. Ke3 Nc6 49. Nd5 Rh4 50. Rxd3 Ne5 51. Rc3 Rxh3+ 52. Kd2 Rh2+ 53.
Kc1 Rd6 54. Re3 a5 55. Rd2 Rxd2 56. Kxd2 Nd7 57. Kc3 Re6 58. Rh3 Re5
59. Rh8 Rg5 60. Rh7+ Ke6 61. Re7+ Kd6 62. Re3 Re5 63. Rd3 Kc6 64. Rf3
Re6 65. Rh3 Re4 66. Rf3 Re6 67. Kd4 Kd6 68. Nxb6 Nxb6 69. c5+ Kc6 70.
cxb6 Rd6+ 71. Kc4 Kxb6 72. Rf5 Ka6 73. Rb5 Re6 1/2-1/2

[Event "RUS Women's Ch"]
[Site "Elista"]
[Date "2002.05.15"]
[Round "5"]
[White "Mirzoeva E"]
[Black "Zayac E"]
[Result "0-1"]
[WhiteTitle "IM"]
[WhiteElo "2296"]
[WhiteCountry "RUS"]
[BlackTitle "GM"]
[BlackElo "2346"]
[BlackCountry "RUS"]
[Remark "Message"]
[PresId "506"]

1. e4 e5 2. Nf3 Nc6 3. c3 Nf6 4. d4 exd4 5. e5 Ne4 6. Qe2 f5 7. exf6
d5 8. Nbd2 Qxf6 9. Nxe4 dxe4 10. Qxe4+ Qe6 11. Bd3 dxc3 12. O-O Qxe4
13. Bxe4 Bb4 14. a3 Ba5 15. b4 Bb6 16. Bxc6+ bxc6 17. Re1+ Kf7 18. Bg5
Re8 19. Rxe8 Kxe8 20. Re1+ Kf8 21. Be7+ Kf7 22. Ng5+ Kg6 23. Nf3 Kf7
24. Ng5+ Kg8 25. h3 Bf5 26. g4 Bg6 27. Rc1 Re8 28. Bc5 Bxc5 29. bxc5
c2 30. Kf1 Bd3+ 31. Kg2 Rb8 32. Kf3 Rb1 33. Ke3 Rxc1 34. Kxd3 h6 35.
Nf3 Rf1 36. Kxc2 Rxf2+ 37. Nd2 Kf7 38. Kd3 Ke6 39. Ke3 Rh2 0-1

[Event "Rus Women's Ch"]
[Site "Elista"]
[Date "2002.05.16"]
[Round "6"]
[White "Demina Y"]
[Black "Kosintseva N"]
[Result "1/2-1/2"]
[WhiteTitle "GM"]
[WhiteElo "2334"]
[WhiteCountry "RUS"]
[BlackTitle "IM"]
[BlackElo "2336"]
[BlackCountry "RUS"]
[Remark "Message"]
[PresId "603"]

1. d4 f5 2. Nf3 Nf6 3. g3 g6 4. Bg2 Bg7 5. O-O O-O 6. c4 d6 7. Nc3 Qe8
8. Re1 Qf7 9. b3 Ne4 10. Bb2 Nc6 11. Rc1 e5 12. dxe5 dxe5 13. Nxe4
fxe4 14. Ng5 Qxf2+ 15. Kh1 Rd8 16. Qc2 Qe3 17. Nxe4 Bf5 18. Qc3 Bh6
19. Qxe3 Bxe3 20. Rcd1 Kg7 21. Rd3 Bd4 22. Ba3 a5 23. Red1 Ba7 24. c5
Rd4 25. Rxd4 exd4 26. Nf2 Re8 27. Bf3 Nb4 28. Bxb4 axb4 29. g4 Bc8 30.
Nd3 c6 31. Rc1 h5 32. gxh5 gxh5 33. Rc4 Bf5 34. Rxb4 Bxd3 35. Rxb7+
Kh6 36. exd3 Bxc5 37. Rc7 Re6 38. a4 Bb6 39. Rb7 c5 40. Be4 Kg5 41.
Kg2 Kf4 42. Rh7 Re5 43. Kf2 Ba5 44. Ra7 Bd2 45. a5 c4 46. bxc4 Rxa5
47. Rf7+ Kg4 48. Kg2 Be3 49. Bf3+ Kh4 50. Be2 Re5 51. Rf3 Rg5+ 52. Rg3
Bf4 53. Rxg5 Kxg5 54. h4+ Kxh4 55. Kf3 Kg5 56. Ke4 Be3 57. Ke5 h4 58.
c5 h3 59. c6 h2 60. Bf3 Bf4+ 61. Kxd4 Kf6 62. Kc5 Ke7 63. Kb6 Kd8 64.
d4 Bc7+ 65. Kc5 Ke7 66. Bh1 Bd6+ 67. Kb6 Kd8 1/2-1/2

[Event "Rus Women's Ch"]
[Site "Elista"]
[Date "2002.05.16"]
[Round "6"]
[White "Zayac E"]
[Black "Pogonina N"]
[Result "0-1"]
[WhiteTitle "GM"]
[WhiteElo "2346"]
[WhiteCountry "RUS"]
[BlackElo "2303"]
[BlackCountry "RUS"]
[Remark "Message"]
[PresId "604"]

1. d4 Nf6 2. c4 c5 3. d5 b5 4. cxb5 a6 5. bxa6 g6 6. Nc3 Bg7 7. e4 O-O
8. Nf3 d6 9. h3 Bxa6 10. Bxa6 Nxa6 11. O-O Nd7 12. Qe2 Qc7 13. Bg5
Rfe8 14. Rfd1 h6 15. Be3 Reb8 16. Rab1 Qb7 17. Qd2 Kh7 18. b3 Qb4 19.
Rbc1 Nc7 20. e5 Nxe5 21. Nxe5 Bxe5 22. Bxh6 Bxc3 23. Rxc3 Nxd5 24. Rf3
Qxd2 25. Bxd2 Kg8 26. a4 Rb7 27. h4 Rab8 28. Be1 Nc7 29. Rdd3 Ne6 30.
Kf1 Nd4 31. Rh3 Rxb3 32. Rxb3 Nxb3 33. h5 gxh5 34. Rxh5 Ra8 35. Rh3 c4
36. Bc3 f6 37. g4 Rxa4 38. g5 fxg5 39. Rh5 Kf7 40. Rxg5 Ra2 41. Rg3
Nd2+ 42. Ke1 Ne4 43. Rf3+ Ke8 44. Bb4 Ra4 45. Re3 Rxb4 46. Rxe4 Kd7
47. f4 d5 48. Re5 Kd6 49. Ke2 Rb2+ 50. Ke3 Rb3+ 51. Kd2 Rf3 0-1

[Event "Rus Women's Ch"]
[Site "Elista"]
[Date "2002.05.16"]
[Round "6"]
[White "Slavina I"]
[Black "Kosintseva T"]
[Result "0-1"]
[WhiteTitle "GM"]
[WhiteElo "2370"]
[WhiteCountry "RUS"]
[BlackTitle "GM"]
[BlackElo "2373"]
[BlackCountry "RUS"]
[Remark "Message"]
[PresId "602"]

1. d4 f5 2. g3 Nf6 3. Bg2 g6 4. b3 Bg7 5. Bb2 O-O 6. Nf3 d6 7. O-O Qe8
8. Nbd2 Nc6 9. Re1 h6 10. e4 fxe4 11. Nxe4 Nxe4 12. Rxe4 g5 13. Qd2
Qh5 14. Re3 Bg4 15. Ne1 Rae8 16. c4 e5 17. Bd5+ Kh8 18. Nc2 Bf3 19.
Bxf3 Rxf3 20. Rxf3 Qxf3 21. Re1 Rf8 22. d5 Nb8 23. Qe2 Qf7 24. Ne3 Nd7
25. b4 e4 26. g4 Bxb2 27. Qxb2+ Ne5 28. Nf5 Qf6 29. Kg2 h5 30. h3 Nxg4
31. Qxf6+ Nxf6 32. Nd4 Rg8 33. b5 h4 34. Ne6 g4 35. Re3 Kh7 36. a4 Kh6
37. a5 Kh5 38. a6 bxa6 39. bxa6 Rb8 40. Nxc7 Rc8 41. Nb5 Rxc4 42. Nxd6
Ra4 43. hxg4+ Kxg4 44. Nxe4 Nxd5 45. f3+ Kf4 46. Rd3 Ne3+ 47. Kh3 Rxa6
48. Nd2 Nf5 49. Rd5 Ra1 50. Nb3 Rh1+ 51. Kg2 Rb1 52. Rb5 a5 53. Nd4
Ne3+ 54. Kh2 Rxb5 55. Nxb5 Kxf3 56. Kh3 Nf5 57. Nc3 Ke3 58. Kg4 Kd3
59. Na4 Kc4 60. Nb2+ Kc3 61. Na4+ Kb4 62. Nb6 a4 63. Nxa4 Kxa4 64. Kf3
Kb4 65. Kg4 Kc4 66. Kh3 Kd4 67. Kg4 Ke4 68. Kh3 Kf4 69. Kg2 Kg4 70.
Kh2 h3 71. Kh1 Kg3 72. Kg1 Ne3 73. Kh1 Ng4 0-1

[Event "Rus Women's Ch"]
[Site "Elista"]
[Date "2002.05.16"]
[Round "6"]
[White "Matveyeva S"]
[Black "Grabuzova T"]
[Result "1-0"]
[WhiteTitle "GM"]
[WhiteElo "2437"]
[WhiteCountry "RUS"]
[BlackTitle "GM"]
[BlackElo "2388"]
[BlackCountry "RUS"]
[Remark "Message"]
[PresId "605"]

1. d4 e6 2. c4 b6 3. a3 Bb7 4. Nc3 g6 5. e4 Bg7 6. Nf3 Ne7 7. Bf4 f5
8. e5 h6 9. h4 d6 10. Be2 a6 11. Qb3 dxe5 12. Bxe5 Bxe5 13. dxe5 Nd7
14. O-O-O Kf7 15. Nd4 Nc6 16. Nxe6 Kxe6 17. c5+ Ke7 18. Nd5+ Kf8 19.
Nf4 Qe8 20. Ne6+ Ke7 21. Nxc7 Qg8 22. Qd3 Ndxe5 23. Qd6+ Kf7 24. Bc4+
Nxc4 25. Qe6+ Kf8 26. Qf6+ Qf7 27. Qxh8+ Qg8 28. Qxh6+ Ke7 29. Qg5+
Kf8 30. Qf6+ Qf7 31. Qh8+ Qg8 32. Qh6+ Ke7 33. Rhe1+ N6e5 34. Qg5+ Kf8
35. Nxa8 Qf7 36. Qh6+ Ke7 37. Nxb6 Be4 38. Qh8 Qe6 39. Qg7+ Ke8 40.
Qc7 Nc6 41. Qd7+ Qxd7 42. Nxd7 N6a5 43. Nf6+ 1-0

[Event "Rus Women's Ch"]
[Site "Elista"]
[Date "2002.05.16"]
[Round "6"]
[White "Zimina O"]
[Black "Polovnikova E"]
[Result "1/2-1/2"]
[WhiteTitle "IM"]
[WhiteElo "2360"]
[WhiteCountry "RUS"]
[BlackTitle "GM"]
[BlackElo "2366"]
[BlackCountry "RUS"]
[Remark "Message"]
[PresId "601"]

1. e4 e5 2. Nf3 Nc6 3. Bc4 Nf6 4. d3 Be7 5. O-O O-O 6. Bb3 d5 7. exd5
Nxd5 8. Re1 Bf6 9. Nbd2 Bg4 10. h3 Bh5 11. Ne4 Nf4 12. Ng3 Bg6 13. Rb1
Qd7 14. Be3 Ne6 15. Qd2 Ned4 16. Nxd4 Nxd4 17. Bg5 Bxg5 18. Qxg5 Nxb3
19. axb3 f6 20. Qg4 1/2-1/2

[Event "Rus Women's Ch"]
[Site "Elista"]
[Date "2002.05.16"]
[Round "6"]
[White "Kovanova B"]
[Black "Semenova I"]
[Result "1-0"]
[WhiteElo "2124"]
[WhiteCountry "RUS"]
[BlackTitle "IM"]
[BlackElo "2284"]
[BlackCountry "RUS"]
[Remark "Message"]
[PresId "615"]

1. e4 e5 2. f4 exf4 3. Bc4 d5 4. Bxd5 c6 5. Bb3 Qh4+ 6. Kf1 Nf6 7. Nf3
Qh5 8. Nc3 Bg4 9. d4 g5 10. Qd3 Nfd7 11. h4 h6 12. Kg1 Bxf3 13. hxg5
Ne5 14. Rxh5 Nxd3 15. gxf3 Nxc1 16. Rxc1 Rg8 17. g6 Rxg6+ 18. Kf2 Be7
19. Rf5 Bh4+ 20. Ke2 Rg2+ 21. Kd3 f6 22. Rh1 Bg5 23. e5 fxe5 24. Rxe5+
Kd8 25. Ne4 a5 26. Nxg5 hxg5 27. Rh8+ Kc7 28. Ree8 Rf2 29. Ke4 Re2+
30. Kf5 Rxe8 31. Rxe8 a4 32. Bf7 Ra5+ 33. Re5 Ra8 34. Re7+ Kd6 35.
Re6+ Kc7 36. Kxg5 Nd7 37. Be8 Nb6 38. Kxf4 Nc4 39. b3 axb3 40. axb3
Nb6 41. Bg6 Rf8+ 42. Kg4 Nd5 43. Be4 Nf6+ 44. Kf5 Nd7+ 45. Kg5 Rg8+
46. Rg6 Rd8 47. Rg7 Kb6 48. f4 Nf8 49. Bf5 Rd5 50. Kf6 Rxd4 51. Rf7
1-0

[Event "Rus Women's Ch"]
[Site "Elista"]
[Date "2002.05.16"]
[Round "6"]
[White "Druzhinina O"]
[Black "Strutinskaya G"]
[Result "1/2-1/2"]
[WhiteElo "2261"]
[WhiteCountry "RUS"]
[BlackTitle "IM"]
[BlackElo "2336"]
[BlackCountry "RUS"]
[Remark "Message"]
[PresId "613"]

1. e4 c5 2. Nc3 g6 3. g3 Bg7 4. Bg2 Nc6 5. Nge2 d6 6. O-O e6 7. d3
Nge7 8. Be3 Nd4 9. Qd2 O-O 10. f4 Rb8 11. Nd1 Nxe2+ 12. Qxe2 b6 13.
Rb1 d5 14. Nf2 f5 15. e5 d4 16. Bd2 b5 17. c4 a5 18. Rfc1 a4 19. b4
axb3 20. Rxb3 Bd7 21. cxb5 Bxb5 22. Rxc5 Qd7 23. Qe1 Ba4 24. Rxb8
Rxb8 25. Qc1 Bf8 26. Rc4 Rc8 27. Bb4 Bb5 28. Rxc8 Nxc8 29. Bxf8 Kxf8
30. Qc5+ Kf7 31. Kf1 h6 32. h4 Ne7 33. Ke2 Ba6 34. Qb4 Bb5 35. Qc5 Ba6
36. Qb4 Bb5 37. Qc5 1/2-1/2